| 000 | 00601nam a2200193Ia 4500 | ||
|---|---|---|---|
| 003 | OSt | ||
| 005 | 20250828152843.0 | ||
| 008 | 220922b |||||||| |||| 00| 0 pan d | ||
| 037 | _cTextual | ||
| 040 |
_aARTS _cARTS _bpun |
||
| 041 |
_2pun _apun |
||
| 084 |
_aV2:51xM70 153K9 _qAL |
||
| 100 |
_aਜਸਵੰਤ ਸਿੰਘ _9819215 |
||
| 245 | 0 | _aਬਾਬਾ ਸੋਹਣ ਸਿੰਘ ਭਕਨਾ | |
| 260 | _c1969 | ||
| 650 |
_aਭਾਰਤੀਯ ਇਤਿਹਾਸ _9819216 |
||
| 942 |
_hV2:51xM70 153K9 _cTB _2CC _n0 |
||
| 999 |
_c305299 _d305299 |
||